Teaching global history: (Record no. 80705)
[ view plain ]
| 000 -LEADER | |
|---|---|
| fixed length control field | 00583nam a22001817a 4500 |
| 003 - CONTROL NUMBER IDENTIFIER | |
| control field | URS |
| 005 - DATE AND TIME OF LATEST TRANSACTION | |
| control field | 20240715182410.0 |
| 008 - FIXED-LENGTH DATA ELEMENTS--GENERAL INFORMATION | |
| fixed length control field | 240715t2020 ny ||||| |||| 00| 0 eng d |
| 020 ## - INTERNATIONAL STANDARD BOOK NUMBER | |
| International Standard Book Number | 9780367024697 |
| 040 ## - CATALOGING SOURCE | |
| Original cataloging agency | DLC |
| Language of cataloging | eng |
| Transcribing agency | DLC |
| Modifying agency | DLC |
| -- | URS |
| Description conventions | rda |
| 082 ## - DEWEY DECIMAL CLASSIFICATION NUMBER | |
| Classification number | 907.1/2 |
| Item number | Si641 2020 |
| 100 ## - MAIN ENTRY--PERSONAL NAME | |
| Personal name | Singer, Alan J. |
| Relator term | author |
| 245 ## - TITLE STATEMENT | |
| Title | Teaching global history: |
| Remainder of title | A social studies approach/ |
| Statement of responsibility, etc. | Alan J. Singer |
| 264 ## - PRODUCTION, PUBLICATION, DISTRIBUTION, MANUFACTURE, AND COPYRIGHT NOTICE | |
| Place of production, publication, distribution, manufacture | New York: |
| Name of producer, publisher, distributor, manufacturer | Routledge: |
| Date of production, publication, distribution, manufacture, or copyright notice | [2020] |
| 300 ## - PHYSICAL DESCRIPTION | |
| Extent | xi, 217 pages; |
| Dimensions | 25 cm. |
| 504 ## - BIBLIOGRAPHY, ETC. NOTE | |
| Bibliography, etc. note | Includes bibliographical references (pages 203-210) and index. |
| 942 ## - ADDED ENTRY ELEMENTS (KOHA) | |
| Source of classification or shelving scheme | Dewey Decimal Classification |
| Koha item type | Foreign Books |
| Withdrawn status | Source of classification or shelving scheme | Damaged status | Not for loan | Home library | Current library | Shelving location | Date acquired | Total Checkouts | Full call number | Barcode | Date last seen | Price effective from | Koha item type |
|---|---|---|---|---|---|---|---|---|---|---|---|---|---|
| Dewey Decimal Classification | Pililla College Library | Pililla College Library | Foreign Section | 07/15/2024 | 907.1/2 Si641 2020 | URSPIL-6995 | 07/15/2024 | 07/15/2024 | Foreign Books |